Spôsob fermentačnej výroby L-treonínu. C12P 13/08//

Bibliographic Details
Main Author: Plachý, Jiří (Author)
Format: Book
Language:Undetermined
PhysicalDescription:3 s.
Published: Banská Bystrica Úrad priemyselného vlastníctva SR 1999

MARC

LEADER 00000nam a2200000 a 4500
001 vtls001383176
003 SK-MaSNL
005 20260301074730.0
008 240314sm y0 xo 0 und
035 |a SNK000337249 
040 |a SNK  |b slo  |c SNK  |e AACR2 
044 |a xo  |c SK 
100 1 |a Plachý, Jiří  |4 aut  |9 369264 
245 1 0 |a Spôsob fermentačnej výroby L-treonínu. C12P 13/08// 
260 |a Banská Bystrica  |b Úrad priemyselného vlastníctva SR  |c 1999 
300 |a 3 s. 
999 |c 648039  |d 649969 
952 |t P60, <04>, [BOOK], {604}  |a SNK  |b SNK  |y VYP  |7 0  |p 17A0224008  |o snkSK 279793  |i snkPS 60/2000  |0 0  |1 0  |4 0  |d 2000-02-18  |l 0  |r 2005-01-02 00:00:00  |w 2026-02-23